000 00361 a2200157 4500
001 63941
020 _a8508094353
040 _cAnchieta - Pituba
100 _aCarvalho, Marlene
240 1 0 _aGuia prático do alfabetizador
_lpor
245 1 0 _aGuia prático do alfabetizador
300 _a104
362 0 _a2005
650 4 _aAlfabetização
942 _cBK
999 _c63941
_d63941